Pokémon - Attacken von Riffex in KA/PU - Statistiken

Allgemein
  • Dieses Quiz wurde 3 mal gespielt
  • Das Durchschnittsergebnis liegt bei 24 aus 74
Antwortstatistiken
Antwort % Korrekt
Donner
100%
Donnerblitz
100%
Donnerschlag
100%
Donnerschock
100%
Donnerwelle
100%
Matschbombe
100%
Bodycheck
67%
Elektroball
67%
Erholung
67%
Feuerschlag
67%
Gifthieb
67%
Giftschock
67%
Heuler
67%
Kreideschrei
67%
Ladestrahl
67%
Ladevorgang
67%
Ladungsstoß
67%
Mülltreffer
67%
Overdrive
67%
Säure
67%
Säurespeier
67%
Schockwelle
67%
Schutzschild
67%
Stromstoß
67%
Wangenrubbler
67%
Charme
33%
Durchbruch
33%
Elektronetz
33%
Funkensprung
33%
Gigastoß
33%
Hyperstrahl
33%
Regentanz
33%
Rülpser
33%
Schallwelle
33%
Schlammwoge
33%
Silberblick
33%
Sonnentag
33%
Toxin
33%
Überschallknall
33%
Voltwechsel
33%
Ableithieb
0%
Angeberei
0%
Aufruhr
0%
Ausdauer
0%
Bürde
0%
Delegator
0%
Donnerzahn
0%
Dreschflegel
0%
Elektrofeld
0%
Fassade
0%
Gangwechsel
0%
Giftschweif
0%
Giftspitzen
0%
Grimasse
0%
Kampfgebrüll
0%
Kraftvorrat
0%
Magnetregler
0%
Metallsound
0%
Metronom
0%
Mystowellen
0%
Neck Strike
0%
Notsituation
0%
Psycholärm
0%
Raub
0%
Rechte Hand
0%
Schlafrede
0%
Schleuder
0%
Standpauke
0%
Sternschauer
0%
Tera-Ausbruch
0%
Tränendrüse
0%
Verhöhner
0%
Wegbereiter
0%
Zugabe
0%
Keine übereinstimmenden Quizze gefunden
Verteilung der Resultate
Anzahl Personen mit jedem Resultat
Perzentil nach korrekt beantworteten Fragen
Ihre Resultats-Entwicklung
Sie haben dieses Quiz noch nicht gespielt